00405 a2200133 4500001001000000005001700010008004100027245005800068100002500126700002100151700003100172773005100203999001700254ART_4668520260410162040.0260409a 10aCrecimiento económico y concentración del ingreso1 aAraujo, Jair Andrade1 aMarinho, Emerson1 aCampêlo, Guaracyane Lima0 tRevista Cepalg- Nº 123 (dic. 2017)wREV45125 c34763d34763